[Event "Stuttgarter Stadtmeisterschaft A"]
[Site "Ditzingen"]
[Date "2008.05.01"]
[Round "1.1"]
[White "Luther, Thomas"]
[Black "Jussupow, Ekaterina"]
[Result "1-0"]
[WhiteElo "2539"]
[BlackElo "2046"]
[PlyCount "75"]
[EventDate "2008.05.??"]
[EventType "swiss"]
[EventRounds "7"]
[EventCountry "GER"]
[WhiteTeam "SC Kreuzberg e.V."]
[BlackTeam "SK Krumbach"]

1. e4 e6 2. d4 d5 3. Nd2 c5 4. Ngf3 cxd4 5. Nxd4 Nc6 6. Bb5 Bd7 7. Nxc6 bxc6 8.
Bd3 Bd6 9. Qe2 Qb8 10. Nf3 Ne7 11. e5 Bc7 12. O-O Ng6 13. Re1 O-O 14. b3 c5 15.
Ba3 Qb6 16. Qe3 d4 17. Qd2 Bc6 18. Ng5 Bd5 19. c4 Bb7 20. Be4 Bxe4 21. Nxe4
Bxe5 22. Bxc5 Qc6 23. Bxf8 Rxf8 24. Ng3 Rd8 25. Rad1 f6 26. Qd3 Nf4 27. Qe4
Qxe4 28. Nxe4 d3 29. g3 Ne2+ 30. Kf1 Bc3 31. Nxc3 Nxc3 32. Rd2 e5 33. f3 Rd4
34. Re3 Nxa2 35. Rdxd3 Nc1 36. Rxd4 exd4 37. b4 d3 38. Ke1 1-0

[Event "Stuttgarter Stadtmeisterschaft A"]
[Site "Ditzingen"]
[Date "2008.05.01"]
[Round "1.2"]
[White "Guballa, Jens"]
[Black "Sumets, Andrey"]
[Result "0-1"]
[WhiteElo "2041"]
[BlackElo "2532"]
[PlyCount "86"]
[EventDate "2008.05.??"]
[EventType "swiss"]
[EventRounds "7"]
[EventCountry "GER"]
[WhiteTeam "SC Tamm 74"]

1. d4 Nf6 2. c4 e6 3. Nf3 d5 4. Nc3 Bb4 5. Bg5 O-O 6. e3 c5 7. Qb3 Nbd7 8. cxd5
exd5 9. Be2 Qa5 10. O-O c4 11. Qc2 Re8 12. Rfc1 Ne4 13. Nxe4 dxe4 14. Ne5 Nxe5
15. dxe5 Bd2 16. Rd1 c3 17. bxc3 Bxc3 18. Rab1 a6 19. Bc4 Bxe5 20. Bd5 Bg4 21.
f3 exf3 22. gxf3 Be6 23. Bxb7 Bxa2 24. Bxa8 Bxb1 25. Rxb1 Rxa8 26. Qc6 Rf8 27.
f4 Qc3 28. Qe4 Bd6 29. Rd1 Bc5 30. f5 h6 31. Bf4 a5 32. Kf2 Qb4 33. Qe5 Be7 34.
Rg1 Bh4+ 35. Kf3 Qb7+ 36. Ke2 Qa6+ 37. Kf3 Bf6 38. Qd5 Rd8 39. Qa2 Qc6+ 40. Kf2
a4 41. Re1 Qe4 42. Kg3 h5 43. Rc1 h4+ 0-1

[Event "Stuttgarter Stadtmeisterschaft A"]
[Site "Ditzingen"]
[Date "2008.05.01"]
[Round "1.4"]
[White "Sarchisov, Slavik"]
[Black "Schebler, Gerhard"]
[Result "0-1"]
[WhiteElo "1982"]
[BlackElo "2442"]
[PlyCount "36"]
[EventDate "2008.05.??"]
[EventType "swiss"]
[EventRounds "7"]
[EventCountry "GER"]
[WhiteTeam "Karlsruher SF 1853"]
[BlackTeam "Schachverein Mülheim-Nord 1931 e"]

1. e4 c6 2. d4 d5 3. Nc3 g6 4. Nf3 Bg7 5. Be2 Bg4 6. Be3 Nf6 7. e5 Nfd7 8. h3
Bxf3 9. Bxf3 e6 10. Be2 O-O 11. O-O c5 12. f4 cxd4 13. Bxd4 Nc6 14. Nb5 a6 15.
Nd6 Nxd4 16. Qxd4 Nxe5 17. fxe5 Qxd6 18. Bf3 Bxe5 0-1

[Event "Stuttgarter Stadtmeisterschaft A"]
[Site "Ditzingen"]
[Date "2008.05.01"]
[Round "1.5"]
[White "Rau, Hannes"]
[Black "Häußler, Frank"]
[Result "1-0"]
[WhiteElo "2424"]
[BlackElo "2030"]
[PlyCount "75"]
[EventDate "2008.05.??"]
[EventType "swiss"]
[EventRounds "7"]
[EventCountry "GER"]
[WhiteTeam "SV Hockenheim"]
[BlackTeam "SF 47 Neckartenzlingen"]

1. d4 Nf6 2. c4 e6 3. Nc3 Bb4 4. Qc2 c5 5. dxc5 Na6 6. a3 Bxc3+ 7. Qxc3 Nxc5 8.
b4 Nce4 9. Qb2 h6 10. f3 Ng5 11. e4 O-O 12. h4 Ngh7 13. Bd3 d5 14. cxd5 exd5
15. e5 Re8 16. Ne2 Nd7 17. f4 f6 18. Qd4 fxe5 19. Qxd5+ Kh8 20. Bb2 Nhf6 21.
Qd6 e4 22. Bc2 b6 23. Nd4 Nf8 24. Qxd8 Rxd8 25. Nc6 Re8 26. O-O-O Bf5 27. Rd6
Ng4 28. Re1 Kh7 29. Nd4 g6 30. h5 Rac8 31. Kb1 Nf2 32. Re2 Nd3 33. Nxf5 gxf5
34. Bxd3 exd3 35. Rxe8 Rxe8 36. Be5 Re7 37. Rxd3 Nd7 38. Bc3 1-0

[Event "Stuttgarter Stadtmeisterschaft A"]
[Site "Ditzingen"]
[Date "2008.05.01"]
[Round "1.6"]
[White "Zhou, Syang"]
[Black "Eisenbeiser, Amadeus"]
[Result "0-1"]
[WhiteElo "1991"]
[BlackElo "2422"]
[PlyCount "80"]
[EventDate "2008.05.??"]
[EventType "swiss"]
[EventRounds "7"]
[EventCountry "GER"]
[WhiteTeam "SF Deizisau"]
[BlackTeam "BG Buchen"]

1. e4 c5 2. Nf3 e6 3. d4 cxd4 4. Nxd4 a6 5. c4 Nf6 6. Nc3 Bb4 7. Bd3 Nc6 8. Be3
d5 9. exd5 exd5 10. cxd5 Nxd5 11. Nxc6 bxc6 12. O-O Nxe3 13. fxe3 O-O 14. Qc2
h6 15. Bc4 Qe7 16. Ne4 Kh8 17. Rad1 Bg4 18. Rd4 f5 19. a3 Ba5 20. Nf2 Qxe3 21.
Rd3 Qa7 22. Kh1 Bh5 23. Nh3 Bg6 24. b4 Bb6 25. Rd6 Bh7 26. Rxc6 Rae8 27. Nf4 a5
28. b5 Be3 29. Nd5 Bd4 30. Rc7 Qb8 31. Qd2 Be5 32. b6 Bg8 33. Qxa5 Bxd5 34.
Bxd5 Bxc7 35. bxc7 Qc8 36. Rb1 Qd7 37. Bb7 Qd3 38. Rc1 Qe3 39. Rd1 Qe2 40. Rc1
Qb2 0-1

[Event "Stuttgarter Stadtmeisterschaft A"]
[Site "Ditzingen"]
[Date "2008.05.01"]
[Round "1.7"]
[White "Hirneise, Tobias"]
[Black "Grandidier, Raphael"]
[Result "1-0"]
[WhiteElo "2382"]
[BlackElo "2023"]
[PlyCount "93"]
[EventDate "2008.05.??"]
[EventType "swiss"]
[EventRounds "7"]
[EventCountry "GER"]
[WhiteTeam "Sabt SpVgg Rommelshausen"]
[BlackTeam "SC Oberwinden 1957 e.V."]

1. e4 c5 2. Nf3 g6 3. d4 cxd4 4. Nxd4 Bg7 5. Nc3 Nc6 6. Be3 Nf6 7. Bc4 d6 8. f3
O-O 9. Qd2 Bd7 10. Bb3 Qa5 11. O-O-O Rfc8 12. Kb1 Ne5 13. h4 Nc4 14. Bxc4 Rxc4
15. Nb3 Qc7 16. Bg5 Be6 17. Ne2 a5 18. c3 b5 19. Nbd4 b4 20. Rc1 bxc3 21. Rxc3
Rxc3 22. Nxe6 fxe6 23. Nxc3 Rb8 24. Rc1 Qb7 25. Qc2 Qb4 26. Bd2 Nd7 27. Nd1 Qb5
28. Nc3 Qb4 29. Nd1 Qb5 30. Bc3 Nc5 31. Bxg7 Kxg7 32. Qc4 Qd7 33. Qc3+ Kf7 34.
Qxa5 Rb5 35. Qd2 Qb7 36. Nc3 Rb4 37. Rh1 Qb6 38. h5 g5 39. h6 Ke8 40. Rh5 Qa6
41. Rh1 Nd3 42. b3 Rd4 43. Ne2 Rb4 44. Rd1 Nf2 45. Rc1 Rb6 46. Rc3 e5 47. Ng3
1-0

[Event "Stuttgarter Stadtmeisterschaft A"]
[Site "Ditzingen"]
[Date "2008.05.01"]
[Round "1.9"]
[White "Tuncer, Ufuk"]
[Black "Hoffmann, Ekkehard"]
[Result "1/2-1/2"]
[WhiteElo "2306"]
[BlackElo "2002"]
[PlyCount "94"]
[EventDate "2008.05.??"]
[EventType "swiss"]
[EventRounds "7"]
[EventCountry "GER"]
[WhiteTeam "SC-HP Böbl.1975 e.V."]

1. e4 Nf6 2. e5 Nd5 3. d4 d6 4. c4 Nb6 5. exd6 exd6 6. Nc3 Nc6 7. d5 Ne5 8. Be2
Bf5 9. f4 Ng6 10. Nf3 Nh4 11. O-O Nxf3+ 12. Bxf3 Be7 13. b3 O-O 14. Bb2 h6 15.
Qd2 Bf6 16. Rae1 Qd7 17. Bc1 c6 18. Ne4 Bxe4 19. Bxe4 c5 20. g3 Bd4+ 21. Kg2
Rae8 22. Qd3 Re7 23. Bh7+ Kh8 24. Bf5 Qd8 25. Rxe7 Qxe7 26. Bd2 Re8 27. Re1 Qd8
28. Rxe8+ Qxe8 29. Bg4 Nd7 30. Bf3 Nf6 31. b4 b6 32. b5 Qd7 33. h3 Ng8 34. Bd1
f5 35. g4 fxg4 36. hxg4 Nf6 37. g5 Ng4 38. Bc2 Ne3+ 39. Bxe3 Qg4+ 40. Kf1 Qf3+
41. Ke1 Qxe3+ 42. Qxe3 Bxe3 43. Ke2 Bxf4 44. g6 Kg8 45. Kf3 Be5 46. Kg4 Kf8 47.
Kf5 Ke7 1/2-1/2

[Event "Stuttgarter Stadtmeisterschaft A"]
[Site "Ditzingen"]
[Date "2008.05.01"]
[Round "1.11"]
[White "Reefschläger, Helmut"]
[Black "Volk, Werner"]
[Result "1-0"]
[WhiteElo "2295"]
[BlackElo "1993"]
[PlyCount "69"]
[EventDate "2008.05.??"]
[EventType "swiss"]
[EventRounds "7"]
[EventCountry "GER"]
[WhiteTeam "Ooser SC von 1930 Baden-Baden"]
[BlackTeam "SC Oberwinden 1957 e.V."]

1. d4 d5 2. c4 c6 3. Nf3 Nf6 4. g3 e6 5. Bg2 Bb4+ 6. Bd2 Qa5 7. O-O dxc4 8. Qc2
Bxd2 9. Nbxd2 O-O 10. Nxc4 Qc7 11. Rac1 Nbd7 12. Rfd1 h6 13. e4 Nb6 14. Ne3 Qe7
15. Ne5 Nfd7 16. Nd3 Qf6 17. Nc5 Qe7 18. f4 Re8 19. a4 Nf8 20. a5 Nbd7 21. Nd3
Kh8 22. e5 Nb8 23. Nc4 Na6 24. Nd6 Rd8 25. Nc5 Nb4 26. Qb3 Nd5 27. Bxd5 exd5
28. Nxc8 Rdxc8 29. Qxb7 Qd8 30. Qxf7 Qxa5 31. e6 Nh7 32. e7 Rg8 33. Ne6 Nf6 34.
Nxg7 Ne4 35. Rxc6 1-0

[Event "Stuttgarter Stadtmeisterschaft A"]
[Site "Ditzingen"]
[Date "2008.05.01"]
[Round "1.12"]
[White "Jehle, Anja"]
[Black "Kabisch, Thilo"]
[Result "0-1"]
[WhiteElo "1968"]
[BlackElo "2284"]
[PlyCount "100"]
[EventDate "2008.05.??"]
[EventType "swiss"]
[EventRounds "7"]
[EventCountry "GER"]
[WhiteTeam "Schachclub Ingersheim eV"]
[BlackTeam "SC-HP Böbl.1975 e.V."]

1. d4 Nf6 2. c4 g6 3. Nc3 Bg7 4. e4 d6 5. f3 O-O 6. Be3 b6 7. Nge2 c5 8. Qd2
Nc6 9. d5 Ne5 10. Nc1 e6 11. Be2 a6 12. Bh6 Nxe4 13. Nxe4 Qh4+ 14. g3 Qxh6 15.
Qxh6 Bxh6 16. f4 Nd7 17. Nxd6 exd5 18. cxd5 Nf6 19. Nxc8 Rfxc8 20. Bf3 Rd8 21.
Ne2 Ra7 22. O-O-O Rad7 23. Nc3 Bg7 24. Rd2 Ne8 25. Na4 Rb8 26. Rhd1 Nd6 27. Nc3
f5 28. Re2 b5 29. Rde1 Kf8 30. Re6 a5 31. h4 a4 32. Nd1 a3 33. b3 b4 34. h5 Kf7
35. hxg6+ hxg6 36. Nf2 c4 37. bxc4 b3 38. R1e2 bxa2 39. Rxa2 Rb2 40. Re2 Nxc4
41. d6 Rxd6 42. Nh3 Rxa2 43. Ng5+ Kf8 44. Rxa2 Bb2+ 45. Kc2 Ne3+ 46. Kb3 Rb6+
47. Ka4 Ke7 48. Ka5 Nc4+ 49. Ka4 Kd6 50. g4 Kc5 0-1

[Event "Stuttgarter Stadtmeisterschaft A"]
[Site "Ditzingen"]
[Date "2008.05.01"]
[Round "1.13"]
[White "Strunski, Andreas"]
[Black "Ter-Akopyan, Bagrat"]
[Result "0-1"]
[WhiteElo "2271"]
[BlackElo "1984"]
[PlyCount "116"]
[EventDate "2008.05.??"]
[EventType "swiss"]
[EventRounds "7"]
[EventCountry "GER"]
[WhiteTeam "Stuttgarter SF 1879"]
[BlackTeam "SV Puschendorf"]

1. d4 d5 2. c4 c6 3. Nc3 Nf6 4. Nf3 a6 5. a4 e6 6. g3 Bd6 7. Bg2 O-O 8. O-O
Nbd7 9. Re1 dxc4 10. Nd2 e5 11. Nxc4 Bc7 12. e4 exd4 13. Qxd4 Ne5 14. Qxd8 Rxd8
15. Nxe5 Bxe5 16. h3 Be6 17. Be3 Bd4 18. Bxd4 Rxd4 19. Rad1 Rad8 20. e5 Rxd1
21. Nxd1 Nd5 22. a5 Nb4 23. Nc3 Rd2 24. Rb1 Ba2 25. Nxa2 Nxa2 26. Bf3 Nb4 27.
Bg4 Kf8 28. f4 Ke7 29. h4 Rd5 30. Ra1 Rd2 31. Rb1 Rd5 32. Ra1 Rb5 33. Be2 Rd5
34. Ra3 Rd7 35. h5 Nc2 36. Rd3 g6 37. Rxd7+ Kxd7 38. h6 Ne3 39. g4 Nd5 40. f5
gxf5 41. gxf5 Ne3 42. Kf2 Nxf5 43. Bc4 Nxh6 44. Kf3 Ng8 45. Bxf7 Ne7 46. Bh5 c5
47. Kf4 Nc6 48. Ke4 Nxa5 49. Kd5 c4 50. Bg4+ Ke7 51. Be2 b5 52. Bg4 Nb3 53. Bc8
a5 54. Bf5 h5 55. Bg6 h4 56. Kc6 Nd2 57. b3 cxb3 58. Kxb5 b2 0-1

[Event "Stuttgarter Stadtmeisterschaft A"]
[Site "Ditzingen"]
[Date "2008.05.01"]
[Round "1.14"]
[White "Severin, Andreas"]
[Black "Schlötzer, Waldemar"]
[Result "0-1"]
[WhiteElo "1981"]
[BlackElo "2268"]
[PlyCount "80"]
[EventDate "2008.05.??"]
[EventType "swiss"]
[EventRounds "7"]
[EventCountry "GER"]
[WhiteTeam "SF Pfullingen"]
[BlackTeam "SK Lauffen"]

1. e3 Nf6 2. d4 d5 3. Bd3 e6 4. Nd2 Be7 5. Ngf3 O-O 6. O-O c5 7. b3 Nc6 8. Bb2
b6 9. dxc5 Bxc5 10. e4 Nb4 11. e5 Nd7 12. Qe2 Bb7 13. a3 Nxd3 14. cxd3 a5 15.
Bd4 Ba6 16. Bxc5 Nxc5 17. Ne1 Rc8 18. f4 Qd7 19. Qh5 Nxd3 20. Rf3 Nxe1 21. Rh3
Bd3 22. Rxe1 Bg6 23. Qh4 Rc2 24. Nf1 d4 25. g4 Rfc8 26. Rf3 h6 27. f5 exf5 28.
gxf5 Bxf5 29. Ng3 Bg6 30. e6 fxe6 31. Qg4 Rc1 32. Rxc1 Rxc1+ 33. Kg2 Kh7 34. h4
d3 35. h5 Rc2+ 36. Kh3 Bf5 37. Nxf5 exf5 38. Qg6+ Kg8 39. Kh4 f4 40. Rxf4 Rh2+
0-1

[Event "Stuttgarter Stadtmeisterschaft A"]
[Site "Ditzingen"]
[Date "2008.05.01"]
[Round "1.16"]
[White "Janata, Andreas"]
[Black "Dudek, Richard"]
[Result "0-1"]
[WhiteElo "1979"]
[BlackElo "2256"]
[PlyCount "70"]
[EventDate "2008.05.??"]
[EventType "swiss"]
[EventRounds "7"]
[EventCountry "GER"]
[WhiteTeam "Sabt SpVgg Rommelshausen"]
[BlackTeam "SC Eppingen"]

1. d4 Nf6 2. c4 e6 3. Nc3 Bb4 4. Qc2 c5 5. dxc5 Na6 6. a3 Bxc3+ 7. Qxc3 Nxc5 8.
f3 a5 9. Bf4 b6 10. e4 O-O 11. Bd6 Re8 12. e5 Nh5 13. Ne2 f5 14. h4 f4 15. Rd1
a4 16. Qd4 Ra5 17. Nxf4 Nb3 18. Qe3 Ng3 19. Rh3 Nf5 20. Qd3 Ba6 21. Kf2 Qc8 22.
Bb4 Rxe5 23. Qxd7 Ne3 24. Rd6 Nxf1 25. Kxf1 Qxc4+ 26. Kg1 Bb5 27. Qb7 Qc1+ 28.
Kh2 Qxf4+ 29. Rg3 Qxh4+ 30. Rh3 Qf4+ 31. Kh1 Rg5 32. Qxb6 Qc1+ 33. Kh2 Qxb2 34.
Rg3 Qe5 35. Be1 Rh5+ 0-1

[Event "Stuttgarter Stadtmeisterschaft A"]
[Site "Ditzingen"]
[Date "2008.05.01"]
[Round "1.17"]
[White "Ringoir, Tanguy"]
[Black "Schlachetzki, Horst"]
[Result "1-0"]
[WhiteElo "2252"]
[BlackElo "1968"]
[PlyCount "35"]
[EventDate "2008.05.??"]
[EventType "swiss"]
[EventRounds "7"]
[EventCountry "GER"]
[BlackTeam "SC Leinfelden"]

1. e4 c5 2. Nc3 d6 3. f4 g6 4. Nf3 Bg7 5. Bb5+ Bd7 6. Bc4 e6 7. d3 a6 8. a4 b6
9. O-O Ne7 10. Be3 Bc6 11. d4 d5 12. exd5 exd5 13. Be2 Nd7 14. Ne5 Nxe5 15.
fxe5 O-O 16. Bg5 cxd4 17. Qxd4 Nf5 18. Rxf5 1-0

[Event "Stuttgarter Stadtmeisterschaft A"]
[Site "Ditzingen"]
[Date "2008.05.01"]
[Round "1.18"]
[White "Streiter, Manfred"]
[Black "Schuh, Karsten"]
[Result "0-1"]
[WhiteElo "1968"]
[BlackElo "2207"]
[PlyCount "42"]
[EventDate "2008.05.??"]
[EventType "swiss"]
[EventRounds "7"]
[EventCountry "GER"]
[WhiteTeam "SAbt TSV Schönaich"]
[BlackTeam "SC-HP Böbl.1975 e.V."]

1. d4 f5 2. Nc3 d5 3. e4 dxe4 4. f3 Nf6 5. Bg5 g6 6. Bxf6 exf6 7. fxe4 fxe4 8.
Nxe4 Bg7 9. c3 Qe7 10. Qe2 O-O 11. Nc5 Qd6 12. O-O-O Bf5 13. Qc4+ Kh8 14. Bd3
Bxd3 15. Nxd3 Na6 16. Nf3 Rae8 17. Rde1 c6 18. Qb3 b5 19. a3 Nc7 20. Qb4 Qd7
21. Qc5 Na6 0-1

[Event "Stuttgarter Stadtmeisterschaft A"]
[Site "Ditzingen"]
[Date "2008.05.01"]
[Round "1.19"]
[White "Raykhman, Alexander"]
[Black "Kaplunov, Vadym"]
[Result "1-0"]
[WhiteElo "2242"]
[BlackElo "1967"]
[PlyCount "109"]
[EventDate "2008.05.??"]
[EventType "swiss"]
[EventRounds "7"]
[EventCountry "GER"]
[WhiteTeam "Schachklub München Südost e.V."]
[BlackTeam "Stuttgarter SF 1879"]

1. e4 c5 2. Nf3 d6 3. d4 cxd4 4. Nxd4 Nf6 5. Nc3 a6 6. Bg5 e6 7. f4 Qb6 8. Nb3
Qe3+ 9. Qe2 Qxe2+ 10. Bxe2 Nbd7 11. Bf3 Be7 12. O-O-O Rb8 13. Rhe1 h6 14. Bh4
e5 15. f5 b6 16. Nd2 b5 17. a4 b4 18. Ncb1 Rb6 19. Nc4 Rc6 20. Na5 Rc5 21. Nb3
Rc6 22. Re2 Bd8 23. N1d2 a5 24. Nf1 Ba6 25. Red2 Bc4 26. Kb1 Bb6 27. Bf2 Bxb3
28. cxb3 Bxf2 29. Rxf2 Ke7 30. Re2 Rhc8 31. g4 Nc5 32. Ka2 Nb7 33. Kb1 Nc5 34.
Nd2 Nfd7 35. Re3 Nb6 36. h4 f6 37. Rg1 Nb7 38. Re2 Nc5 39. Re3 Nb7 40. Be2 d5
41. g5 hxg5 42. hxg5 Rc2 43. gxf6+ gxf6 44. Rg7+ Kf8 45. Rxb7 Rxd2 46. Rxb6
Rcc2 47. Rxf6+ Ke7 48. Re6+ Kd7 49. Bb5+ Kc7 50. Bd3 Rxb2+ 51. Kc1 Rh2 52. exd5
Ra2 53. Rc6+ Kd7 54. Re1 Raf2 55. Rc2 1-0

[Event "Stuttgarter Stadtmeisterschaft A"]
[Site "Ditzingen"]
[Date "2008.05.01"]
[Round "1.20"]
[White "Diele, Ralf"]
[Black "Häcker, Alexander"]
[Result "0-1"]
[WhiteElo "1965"]
[BlackElo "2234"]
[PlyCount "66"]
[EventDate "2008.05.??"]
[EventType "swiss"]
[EventRounds "7"]
[EventCountry "GER"]
[WhiteTeam "Schachklub Werther 1949 e.V."]
[BlackTeam "SV Wolfbusch"]

1. e4 e6 2. Nf3 d5 3. exd5 exd5 4. Be2 Nc6 5. O-O Bd6 6. d4 Nge7 7. Nc3 a6 8.
a3 O-O 9. Be3 Bg4 10. h3 Bh5 11. g4 Bg6 12. Nh4 f5 13. Nxg6 Nxg6 14. gxf5 Nge7
15. Bg4 Nxf5 16. Bxf5 Rxf5 17. Qg4 Qf6 18. h4 Rf8 19. Ne2 Nd8 20. f4 Qe7 21.
Bd2 h5 22. Qf3 Qxh4 23. Rf2 Ne6 24. Rg2 Nxf4 25. Nxf4 Bxf4 26. Bxf4 Qxf4 27.
Qxf4 Rxf4 28. c3 R8f5 29. Re1 Re4 30. Rd1 Kf7 31. Rd3 Kf6 32. b3 Rff4 33. Rdg3
Re1+ 0-1

[Event "Stuttgarter Stadtmeisterschaft A"]
[Site "Ditzingen"]
[Date "2008.05.01"]
[Round "1.21"]
[White "Wenner, Tobias"]
[Black "Felser, Martin"]
[Result "1-0"]
[WhiteElo "2228"]
[BlackElo "1963"]
[PlyCount "73"]
[EventDate "2008.05.??"]
[EventType "swiss"]
[EventRounds "7"]
[EventCountry "GER"]
[WhiteTeam "SC Eppingen"]
[BlackTeam "SC Dillingen"]

1. Nf3 d6 2. d4 g6 3. c4 Nh6 4. Nc3 c6 5. e4 Bg7 6. h3 e6 7. Bf4 f6 8. Qd2 Nf7
9. g4 e5 10. Be3 Nd7 11. Be2 O-O 12. O-O-O exd4 13. Nxd4 Nc5 14. f4 Re8 15. Bf3
Qa5 16. Kb1 Be6 17. b3 Rac8 18. f5 Bd7 19. Nc2 Ne5 20. Be2 Qb6 21. Qxd6 Bf8 22.
Qxf6 Bg7 23. Qh4 Rf8 24. Qf2 Qa5 25. b4 Qa6 26. Bxc5 Nxc4 27. Bxc4+ Qxc4 28.
Bd4 Rf7 29. Bxg7 Rxg7 30. Qd4 Qf7 31. f6 c5 32. bxc5 b6 33. fxg7 Be6 34. Rhf1
Qe7 35. Rf8+ Rxf8 36. gxf8=Q+ Kxf8 37. Qh8+ 1-0

[Event "Stuttgarter Stadtmeisterschaft A"]
[Site "Ditzingen"]
[Date "2008.05.01"]
[Round "1.22"]
[White "Schmid, Eugen"]
[Black "Krockenberger, Martin"]
[Result "0-1"]
[WhiteElo "1960"]
[BlackElo "2220"]
[PlyCount "80"]
[EventDate "2008.05.??"]
[EventType "swiss"]
[EventRounds "7"]
[EventCountry "GER"]
[WhiteTeam "SV Herrenberg e.V."]
[BlackTeam "SK Schmiden/Cannstatt"]

1. d4 Nf6 2. Nf3 g6 3. c4 Bg7 4. Nc3 O-O 5. e4 d6 6. Be2 e5 7. O-O Nc6 8. d5
Ne7 9. b4 Nd7 10. Ba3 f5 11. Ng5 Nf6 12. Qd3 h6 13. Ne6 Bxe6 14. dxe6 fxe4 15.
Nxe4 Nxe4 16. Qxe4 Qc8 17. Rad1 Rf4 18. Qc2 Qxe6 19. Bc1 Rf6 20. Qe4 c6 21. Bg4
Qf7 22. c5 Nd5 23. Qc4 dxc5 24. bxc5 Rf8 25. f3 Kh7 26. Rfe1 Qc7 27. Qc2 Kh8
28. Bb2 Re8 29. Rd2 h5 30. Bh3 Kh7 31. Rde2 Rff8 32. Bc1 Qf7 33. Re4 Nf4 34.
Bxf4 exf4 35. Be6 Bd4+ 36. Kh1 Qg7 37. h3 Be3 38. Rd1 Re7 39. Rd6 Rf6 40. Re5
Rfxe6 0-1

[Event "Stuttgarter Stadtmeisterschaft A"]
[Site "Ditzingen"]
[Date "2008.05.01"]
[Round "1.23"]
[White "Höschele, Hans-Ulrich"]
[Black "Notegger, Peter"]
[Result "1/2-1/2"]
[WhiteElo "2212"]
[BlackElo "1952"]
[PlyCount "91"]
[EventDate "2008.05.??"]
[EventType "swiss"]
[EventRounds "7"]
[EventCountry "GER"]
[WhiteTeam "Stuttgarter SF 1879"]

1. b3 d5 2. Bb2 Nf6 3. Nf3 g6 4. Bxf6 exf6 5. e3 Bg7 6. d4 c6 7. Be2 O-O 8. O-O
Nd7 9. c4 dxc4 10. bxc4 f5 11. Nc3 Re8 12. Qc2 Nf6 13. Bd3 h6 14. Rac1 b6 15.
Rfd1 Bb7 16. a4 Re7 17. Ne2 Qe8 18. Ng3 Ne4 19. Bxe4 fxe4 20. Nd2 f5 21. c5 Re6
22. Nc4 bxc5 23. dxc5 Ba6 24. Ne2 Kh7 25. Nd4 Rf6 26. Nd6 Qd7 27. g3 Bd3 28.
Rxd3 exd3 29. Qxd3 Rff8 30. Qa6 Bxd4 31. exd4 Rab8 32. Qe2 Qg7 33. Qd2 Rfd8 34.
Re1 Rd7 35. Qf4 Rb4 36. Nxf5 Qf8 37. Qd2 a5 38. Nd6 Qf6 39. Re4 Qf3 40. Qe1 h5
41. Re7+ Rxe7 42. Qxe7+ Kg8 43. Qe8+ Kg7 44. Qe5+ Kg8 45. Qe6+ Kg7 46. Qe7+
1/2-1/2

[Event "Stuttgarter Stadtmeisterschaft A"]
[Site "Ditzingen"]
[Date "2008.05.01"]
[Round "1.24"]
[White "Maissenbacher, Werner"]
[Black "Hottes, Dieter"]
[Result "1-0"]
[WhiteElo "1948"]
[BlackElo "2208"]
[PlyCount "47"]
[EventDate "2008.05.??"]
[EventType "swiss"]
[EventRounds "7"]
[EventCountry "GER"]
[WhiteTeam "SC 1948 Ersingen e.V."]
[BlackTeam "Stuttgarter SF 1879"]

1. e4 c5 2. Nf3 b6 3. d4 cxd4 4. Nxd4 Bb7 5. Nc3 a6 6. Be3 e6 7. a3 Qc7 8. Bd3
Nf6 9. Qe2 d6 10. f3 Nbd7 11. g4 Nc5 12. g5 Nfd7 13. f4 Be7 14. h4 O-O-O 15.
Rc1 Kb8 16. b4 Nxd3+ 17. cxd3 Rc8 18. O-O Qd8 19. Na4 Ka7 20. Rxc8 Qxc8 21. Rc1
Qa8 22. Rc7 Qe8 23. Nc6+ Ka8 24. Nxe7 1-0

[Event "Stuttgarter Stadtmeisterschaft A"]
[Site "Ditzingen"]
[Date "2008.05.01"]
[Round "1.25"]
[White "Prestel, Oliver"]
[Black "Reichert, Manuel"]
[Result "1/2-1/2"]
[WhiteElo "2204"]
[BlackElo "1946"]
[PlyCount "40"]
[EventDate "2008.05.??"]
[EventType "swiss"]
[EventRounds "7"]
[EventCountry "GER"]
[WhiteTeam "SV Marbach"]
[BlackTeam "SGem Vaihingen-Rohr"]

1. d4 Nf6 2. c4 g6 3. Nc3 d5 4. Nf3 Bg7 5. Qb3 dxc4 6. Qxc4 O-O 7. e4 Nc6 8.
Be2 Bg4 9. Be3 e5 10. d5 Bxf3 11. Bxf3 Nd4 12. Rc1 Rc8 13. Nb5 c6 14. Nxd4 exd4
15. Bxd4 cxd5 16. Qxc8 Qxc8 17. Rxc8 Rxc8 18. e5 Nd7 19. Ke2 Nxe5 20. Bxd5 Rd8
1/2-1/2

[Event "Stuttgarter Stadtmeisterschaft A"]
[Site "Ditzingen"]
[Date "2008.05.01"]
[Round "1.26"]
[White "Heeke, Guido"]
[Black "Hirneise, Jens"]
[Result "0-1"]
[WhiteElo "1944"]
[BlackElo "2202"]
[PlyCount "128"]
[EventDate "2008.05.??"]
[EventType "swiss"]
[EventRounds "7"]
[EventCountry "GER"]
[WhiteTeam "Schachverein Letmathe 1933 e.V."]
[BlackTeam "Sabt SpVgg Rommelshausen"]

1. c4 Nf6 2. Nc3 g6 3. g3 Bg7 4. Bg2 d6 5. d4 O-O 6. Nf3 Nc6 7. O-O a6 8. b3
Rb8 9. Bb2 b5 10. cxb5 axb5 11. Ng5 Na7 12. b4 Nd7 13. Nge4 Nb6 14. e3 Nc4 15.
Bc1 e5 16. d5 f5 17. Nd2 e4 18. Nxc4 bxc4 19. Bd2 c6 20. dxc6 Nxc6 21. a3 d5
22. Ra2 Be6 23. Rc2 d4 24. exd4 Nxd4 25. Bf4 Nxc2 26. Qxc2 Qd3 27. Rc1 Qxc2 28.
Rxc2 Ra8 29. Nb5 Bd7 30. Nd6 Rxa3 31. Bf1 Ra1 32. Kg2 c3 33. Bc4+ Kh8 34. Nf7+
Rxf7 35. Bxf7 Bb5 36. h4 Ba4 37. Ra2 c2 38. Rxa1 Bxa1 39. Bc1 Kg7 40. Bc4 Kf6
41. f4 Bc3 42. b5 e3 43. Bxe3 Bb2 44. b6 Bc6+ 45. Kf2 c1=Q 46. Bxc1 Bxc1 47.
Ba6 Ba3 48. Ke2 Bc5 49. b7 Bd6 50. Kd3 h6 51. Ke2 Ke6 52. Kd3 Bb8 53. Bc4+ Bd5
54. Ba6 Kd6 55. Bb5 Bf7 56. Ke2 Kc5 57. Bd7 Kd6 58. Bb5 Kc7 59. Bd3 h5 60. Ba6
Kb6 61. Bd3 Kxb7 62. Bb5 Kb6 63. Bd3 Kc5 64. Ba6 Bc4+ 0-1

[Event "Stuttgarter Stadtmeisterschaft A"]
[Site "Ditzingen"]
[Date "2008.05.01"]
[Round "1.27"]
[White "Kunz, Konstantin"]
[Black "Erben, Larissa"]
[Result "1-0"]
[WhiteElo "2198"]
[BlackElo "1942"]
[PlyCount "110"]
[EventDate "2008.05.??"]
[EventType "swiss"]
[EventRounds "7"]
[EventCountry "GER"]
[WhiteTeam "SC Kitzingen von 1905"]
[BlackTeam "SV Wolfbusch"]

1. Nf3 d5 2. d4 e6 3. c4 c6 4. cxd5 exd5 5. Nc3 Bf5 6. Bf4 Nf6 7. e3 Bd6 8. Qb3
Bxf4 9. exf4 Qb6 10. Qa3 Nbd7 11. Na4 Qa5+ 12. b4 Qc7 13. Ne5 O-O 14. Bd3 Bxd3
15. Qxd3 Ne4 16. f3 Nd6 17. O-O Nb6 18. Nc5 Nbc4 19. Qc3 Rfe8 20. Rfe1 b6 21.
Nb3 f6 22. Nxc4 Nxc4 23. g3 Qd7 24. Nd2 b5 25. Nb3 Qf5 26. Nc5 Kf7 27. a4 a6
28. a5 h5 29. Qd3 Qxd3 30. Nxd3 Nd2 31. Kf2 Nb3 32. Rxe8 Rxe8 33. Ra2 Nxd4 34.
Nc5 Ra8 35. Rd2 Ne6 36. Nd7 Rd8 37. Nb6 h4 38. f5 hxg3+ 39. hxg3 Ng5 40. Rc2
Rh8 41. Rxc6 Rh2+ 42. Ke3 d4+ 43. Kxd4 Nxf3+ 44. Kd5 Re2 45. Kd6 Rd2+ 46. Nd5
Nd4 47. Rc7+ Kf8 48. g4 Nc2 49. Kc5 Na3 50. Ra7 Nc2 51. Nc7 Re2 52. Nxa6 Re5+
53. Kd6 Re4 54. Rb7 Nxb4 55. Nc7 Rxg4 1-0